| 000 | 00441cam a2200181ua 4500 | ||
|---|---|---|---|
| 020 | _c6.00 | ||
| 041 |
_aeng _h |
||
| 082 |
_a641.3 _bSWA/OU |
||
| 100 | _aSwaminathan, M . | ||
| 245 |
_aOur Food / _cM.Swaminathan. _hTextual Documents |
||
| 260 |
_aMadras : _bGanesh and co, Madras private LTD , _c1966. |
||
| 300 | _a170 ; . | ||
| 365 | _a6.00 | ||
| 504 | _a | ||
| 700 | 1 | _aBhagavan, R.K . | |
| 942 | _cBK | ||
| 999 |
_c1011 _d1011 |
||